| 000 | 01595nam a2200325Ia 4500 | ||
|---|---|---|---|
| 001 | ebr10320388 | ||
| 003 | CaPaEBR | ||
| 006 | m u | ||
| 007 | cr cn||||||||| | ||
| 008 | 031223s2001 caua sb 101 0 eng d | ||
| 020 | _z9780966050820 | ||
| 020 | _z0966050827 | ||
| 040 |
_aCaPaEBR _cCaPaEBR |
||
| 035 | _a(OCoLC)647829220 | ||
| 050 | 1 | 4 |
_aTN689.2 _b.I68 2001eb |
| 111 | 2 |
_aInternational Conference on Shape Memory and Superelastic Technologies _d(2000 : _cPacific Grove, Calif.) |
|
| 245 | 1 | 0 |
_aSMST-2000 _h[electronic resource] : _bproceedings of the International Conference on Shape Memory and Superelastic Technologies, 30 April to 4 May 2000, Asilomar Conference Center, Pacific Grove, California, USA / _ceditors, Scott M. Russell, Alan R. Pelton. |
| 246 | 3 | 0 | _aShape memory and superelastic technologies |
| 260 |
_aFremont, CA : _bSMST, the International Organization on Shape Memory and Superelastic Technology, _cc2001. |
||
| 300 |
_axiv, 720 p. : _bill. |
||
| 504 | _aIncludes bibliographical references and indexes. | ||
| 533 |
_aElectronic reproduction. _bPalo Alto, Calif. : _cebrary, _d2009. _nAvailable via World Wide Web. _nAccess may be limited to ebrary affiliated libraries. |
||
| 650 | 0 |
_aShape memory effect _vCongresses. |
|
| 650 | 0 |
_aAlloys _xThermomechanical properties _vCongresses. |
|
| 655 | 7 |
_aElectronic books. _2local |
|
| 700 | 1 | _aRussell, Scott M. | |
| 700 | 1 | _aPelton, Alan R. | |
| 710 | 2 | _aebrary, Inc. | |
| 856 | 4 | 0 |
_uhttp://site.ebrary.com/lib/rucke/Doc?id=10320388 _zAn electronic book accessible through the World Wide Web; click to view |
| 999 |
_c60885 _d60885 |
||